Mi primer juicio oral: ¿Dónde me siento? ¿Y qué diré?
Guardat en:
| Autor principal: | |
|---|---|
| Format: | Llibre |
| Idioma: | espanyol |
| Publicat: |
Buenos Aires
Heliasta
1994
|
| Edició: | 1a. ed |
| Matèries: | |
| Etiquetes: |
Afegir etiqueta
Sense etiquetes, Sigues el primer a etiquetar aquest registre!
|
MARC
| LEADER | 00000cam a2200000 a 4500 | ||
|---|---|---|---|
| 001 | UCC5818 | ||
| 003 | CL-VaPUC | ||
| 008 | 181031e19940000ag |||||||||||||||||spa|d | ||
| 020 | |a 9508850078 | ||
| 082 | 0 | 4 | |a 347.8307 |b GOL |2 21 |
| 100 | 0 | |a Goldberg, Steven H |e author |9 600204 | |
| 245 | 1 | 0 | |a Mi primer juicio oral: ¿Dónde me siento? ¿Y qué diré? |
| 250 | |a 1a. ed | ||
| 300 | |a 262 p | ||
| 942 | |c BK | ||
| 945 | |d 20181031 17:21:00 |a dcastane | ||
| 260 | |a Buenos Aires |b Heliasta |c 1994 | ||
| 650 | 0 | |a Procedimiento civil |9 254870 | |
| 650 | 0 | |a Juicios |9 327339 | |
| 650 | 7 | |a JUICIOS ORALES |2 CL-VaPUC |9 600205 | |
| 583 | |a last modification |c 20181031 17:21:00 |k Rodrigo Vera | ||
| 999 | |c 372927 |d 372925 | ||
| 952 | |0 0 |1 0 |3 erb |4 0 |6 347_830700000000000_GOL_1994 |7 0 |8 A |9 490811 |a BIBDER |b BIBDER |e Mateluna Arestizabal, Alfredo Sergio |i 5491800 |o 347.8307 GOL 1994 |p 5491800 |r 2023-01-25 |w 2019-11-24 |y BK |z Catalogado en:20181031 |k DER | ||